Исследование изменения свойств титановых сплавов, подвергнутых нейтронному облучению; Вопросы материаловедения; № 3 (103)

Detalles Bibliográficos
Parent link:Вопросы материаловедения: научно-технический журнал/ ЦНИИ конструкционных материалов "Прометей"; Общество материаловедов.— , 2006-
№ 3 (103).— 2020.— [С. 181-187]
Autor principal: Ларионов В. В. Виталий Васильевич
Autores Corporativos: Национальный исследовательский Томский политехнический университет Инженерная школа ядерных технологий Отделение экспериментальной физики, Национальный исследовательский Томский политехнический университет Инженерная школа ядерных технологий Отделение ядерно-топливного цикла
Otros Autores: Варлачев (Варлачёв) В. А. Валерий Александрович
Sumario:Заглавие с экрана
Исследовано изменение природного состава титана под влиянием облучения нейтронами энергией 0,1 МэВ. Процесс облучения сопровождается образованием водорода, радиоактивного скандия и гамма-квантов с энергией 889 и 1120 кэВ. Изменение природного состава титана, образование водорода и наличие гамма-квантов следует учитывать при создании конструктивных изделий и защитных экранов на основе титана.
Lenguaje:ruso
Publicado: 2020
Materias:
Acceso en línea:https://www.elibrary.ru/item.asp?id=44151759
Formato: MixedMaterials Electrónico Capítulo de libro
KOHA link:https://koha.lib.tpu.ru/cgi-bin/koha/opac-detail.pl?biblionumber=663139

MARC

LEADER 00000naa0a2200000 4500
001 663139
005 20251226071628.0
035 |a (RuTPU)RU\TPU\network\34308 
035 |a RU\TPU\network\21769 
090 |a 663139 
100 |a 20210126d2020 k||y0rusy50 ca 
101 0 |a rus 
102 |a RU 
135 |a drcn ---uucaa 
181 0 |a i  
182 0 |a b 
200 1 |a Исследование изменения свойств титановых сплавов, подвергнутых нейтронному облучению  |f В. В. Ларионов, В. А. Варлачёв 
203 |a Текст  |c электронный 
300 |a Заглавие с экрана 
330 |a Исследовано изменение природного состава титана под влиянием облучения нейтронами энергией 0,1 МэВ. Процесс облучения сопровождается образованием водорода, радиоактивного скандия и гамма-квантов с энергией 889 и 1120 кэВ. Изменение природного состава титана, образование водорода и наличие гамма-квантов следует учитывать при создании конструктивных изделий и защитных экранов на основе титана. 
461 |t Вопросы материаловедения  |o научно-технический журнал  |f ЦНИИ конструкционных материалов "Прометей"; Общество материаловедов  |d 2006- 
463 |t № 3 (103)  |v [С. 181-187]  |d 2020 
610 1 |a электронный ресурс 
610 1 |a труды учёных ТПУ 
610 1 |a титан 
610 1 |a облучение нейтронами 
610 1 |a радиационная безопасность 
610 1 |a наводороживание 
700 1 |a Ларионов  |b В. В.  |c физик  |c профессор Томского политехнического университета, доктор педагогических наук  |f 1945-  |g Виталий Васильевич  |3 (RuTPU)RU\TPU\pers\25193  |9 11273 
701 1 |a Варлачев (Варлачёв)  |b В. А.  |c физик, специалист в области ядерных технологий  |c профессор-консультант Томского политехнического университета, доктор технических наук  |f 1948-  |g Валерий Александрович  |y Томск  |3 (RuTPU)RU\TPU\pers\28135  |9 13093 
712 0 2 |a Национальный исследовательский Томский политехнический университет  |b Инженерная школа ядерных технологий  |b Отделение экспериментальной физики  |3 (RuTPU)RU\TPU\col\23549 
712 0 2 |a Национальный исследовательский Томский политехнический университет  |b Инженерная школа ядерных технологий  |b Отделение ядерно-топливного цикла  |3 (RuTPU)RU\TPU\col\23554 
801 2 |a RU  |b 63413507  |c 20210126  |g RCR 
850 |a 63413507 
856 4 |u https://www.elibrary.ru/item.asp?id=44151759 
942 |c CF